|
|
|
|
| LEADER |
01132nam a2200325 a 4500 |
| 001 |
000029113 |
| 003 |
CZ BrMZK |
| 005 |
20250325103809.0 |
| 008 |
950707s1992 xo d p 0 slo d |
| 020 |
|
|
|a 80-85415-26-7
|
| 040 |
|
|
|a BOA001
|b cze
|
| 072 |
|
7 |
|a 811.111
|x Angličtina
|2 Konspekt
|9 11
|
| 072 |
|
7 |
|a 37.016
|x Učební osnovy. Vyučovací předměty. Učebnice
|2 Konspekt
|9 22
|
| 080 |
|
|
|a 811.111
|2 MRF
|
| 080 |
|
|
|a 81'42'373.46
|2 MRF
|
| 080 |
|
|
|a (075.3)
|2 MRF
|
| 100 |
1 |
|
|a Homolová, Eva
|7 mzk2012733215
|
| 245 |
1 |
0 |
|a Science and technology.
|n [Zv.2.],
|p Student´s book
|
| 246 |
3 |
0 |
|a Student´s book
|
| 260 |
|
|
|a Banská Bystrica :
|b Metodické centrum,
|c 1992
|
| 300 |
|
|
|a 27 s.
|
| 650 |
0 |
7 |
|a angličtina
|7 ph114056
|2 czenas
|
| 650 |
0 |
7 |
|a odborné texty
|7 ph123679
|2 czenas
|
| 650 |
0 |
9 |
|a English language
|2 eczenas
|
| 650 |
0 |
9 |
|a professional texts
|2 eczenas
|
| 655 |
|
7 |
|a učebnice středních škol
|7 fd133771
|2 czenas
|
| 655 |
|
9 |
|a textbooks (secondary)
|2 eczenas
|
| 910 |
|
|
|a BOA001
|b PK-N-0030.018,2
|
| 990 |
|
|
|a BK
|
| 996 |
7 |
|
|b 3119990069
|c PK-N-0030.018/2
|l MZK
|r Sklad / do 1 hodiny
|n 0
|w 000029113
|u 000010
|a 1
|e BOA001
|j MZK50
|s A
|